Guess the 1960s song lyrics #180 - Statistics

General Stats
  • This quiz has been taken 13 times
  • The average score is 81 of 160
Answer Stats
Answer % Correct
I
92%
the
92%
you
92%
your
92%
a
83%
all
83%
for
83%
go
83%
in
83%
me
83%
My
83%
what
83%
and
75%
not
75%
on
75%
Thank
75%
thank
75%
we
75%
can
67%
mine
67%
that
67%
time
67%
our
58%
says
58%
see
58%
Yours
58%
Danke
50%
danke
50%
don't
50%
heart
50%
How
50%
oh
50%
said
50%
schoen
50%
That's
50%
Wayne Newton
50%
were
50%
darling
42%
was
42%
ways
42%
again
33%
down
33%
those
33%
Though
33%
always
25%
Auf
25%
Central
25%
confess
25%
dress
25%
fall
25%
fine
25%
hearts
25%
Lane
25%
Lover's
25%
memory
25%
mess
25%
Park
25%
recall
25%
seeing
25%
separate
25%
sweet
25%
tore
25%
balcony
17%
carved
17%
explain
17%
gold
17%
joy
17%
Letters
17%
lies
17%
meet
17%
pain
17%
Picture
17%
place
17%
Save
17%
seat
17%
second
17%
Second
17%
show
17%
stays
17%
Still
17%
tree
17%
walks
17%
we'd
17%
wiedersehen
17%
Dutch
8%
intertwined
8%
treat
8%
No matching quizzes found
Score Distribution
Percent of People with Each Score
Percentile by Number Answered
Your Score History
You have not taken this quiz